The Dance of 17 Lives : (Record no. 606734)

MARC details
000 -LEADER
fixed length control field 00498nam a2200193 a 4500
008 - FIXED-LENGTH DATA ELEMENTS--GENERAL INFORMATION
fixed length control field 251229s2005##################000#0#eng##
020 ## - INTERNATIONAL STANDARD BOOK NUMBER
ISBN 9780747568711
082 04 - DEWEY DECIMAL CLASSIFICATION NUMBER
Classification number 294.3923092
Item number BRO
100 1# - MAIN ENTRY--AUTHOR NAME
Personal name Brown, Mick,
245 10 - TITLE STATEMENT
Title The Dance of 17 Lives :
260 ## - PUBLICATION, DISTRIBUTION, ETC. (IMPRINT)
Name of publisher Bloomsbury Paperbacks,
Year of publication 2005.
300 ## - PHYSICAL DESCRIPTION
Number of Pages 304 pages
650 #0 - SUBJECT ADDED ENTRY--TOPICAL TERM
Topical Term Buddhism.
942 ## - ADDED ENTRY ELEMENTS (KOHA)
Koha item type English Books
Holdings
Withdrawn status Lost status Damaged status Not for loan Home library Current library Shelving location Date acquired Full call number Accession Number Price effective from Koha item type
        Anna Centenary Library Anna Centenary Library 3RD FLOOR, B WING 02.01.2026 294.3923092 BRO 482057 02.01.2026 English Books

Find us on the map